Commented Logos Quiz - Statistics

General Stats
  • This quiz has been taken 41 times
    7 since last reset
  • The average score is 19 of 49
Answer Stats
Picture Hint Answer % Correct
ademotsili99 Audi
100%
KiloNova McDonalds
100%
gademotsili99 BMW
83%
gademotsili99 JetPunk
83%
gademotsili99 KFC
83%
gademotsili99 PlayStation
83%
gademotsili99 TikTok
83%
gademotsili99 Wikipedia
83%
gademotsili99 Xbox
83%
YJGMD Android
50%
LuckyCat Apple
50%
YJGMD Burger King
50%
LuckyCat Chevrolet
50%
LuckyCat Google
50%
YJGMD Netflix
50%
LuckyCat Nike
50%
LuckyCat Pepsi
50%
LuckyCat Pringles
50%
Jax2TheMax Red Bull
50%
LuckyCat Reddit
50%
LuckyCat Shell
50%
LuckyCat SnapChat
50%
Neodymium Taco Bell
50%
gademotsili99 Viber
50%
YJGMD Youtube
50%
Jax2TheMax Formula One
33%
YJGMD Fruit of the Loom
33%
YJGMD Ring
33%
Capybarra Roblox
33%
Neodymium Tata
33%
FattyVeggieSnack Vinfast
33%
FattyVeggieSnack Gazprom
17%
YJGMD Geometry Dash
17%
Neodymium Maruti
17%
gademotsili99 Sporcle
17%
Neodymium Unilever
17%
YJGMD Wells Fargo
17%
Neodymium Albanese
0%
Capybarra Big Red
0%
LuckyCat Clemson Tigers
0%
YJGMD GANCube
0%
Capybarra Little Caesar's
0%
Neodymium Luxottica
0%
Neodymium Malabar Gold and Diamonds
0%
Neodymium Midea
0%
Neodymium Smithsonian
0%
hi111223 Smoothie King
0%
ufotofu Southern Mississippi Golden Eagles
0%
Neodymium SWAD
0%
No matching quizzes found
Score Distribution
Percent of People with Each Score
Percentile by Number Answered
Your Score History
You have not taken this quiz since the last reset